000 00484nam a2200181Ia 4500
001 12327
005 20260306162933.0
008 260306t2019||||xx |||||||||||||| ||spa||
041 _aESP
082 _aHR 344
_bOCT 2019 GPP
110 _aGaceta Jurídica
245 0 _aGaceta penal & procesal penal:
_binformación especializada para abogados y jueces
260 _c2019
300 _a343 páginas :
_c25 cm.
650 _aGEN
654 _aCDE
942 _cREV
_dJUS
_fJUS
_2ddc
_n
999 _c12327
_d12327